The stability of Islamic finance : (Record no. 16397)

MARC details
000 -LEADER
fixed length control field 01310cam a22003134a 4500
001 - CONTROL NUMBER
control field 16265489
005 - DATE AND TIME OF LATEST TRANSACTION
control field 20110829101027.0
008 - FIXED-LENGTH DATA ELEMENTS--GENERAL INFORMATION
fixed length control field 100603s2010 si a b 001 0 eng d
020 ## - INTERNATIONAL STANDARD BOOK NUMBER
International Standard Book Number 9780470825198 (hbk.)
020 ## - INTERNATIONAL STANDARD BOOK NUMBER
International Standard Book Number 0470825197 (hbk.)
040 ## - CATALOGING SOURCE
Original cataloging agency UKM
Transcribing agency UKM
Modifying agency BTCTA
-- BWX
-- C#P
-- CDX
-- YDXCP
-- DLC
082 04 - DEWEY DECIMAL CLASSIFICATION NUMBER
Classification number 332.091767
Edition number 22
Item number STA
245 04 - TITLE STATEMENT
Title The stability of Islamic finance :
Remainder of title creating a resilient financial environment for a secure future /
Statement of responsibility, etc Hossein Askari ... [et al.].
260 ## - PUBLICATION, DISTRIBUTION, ETC. (IMPRINT)
Place of publication, distribution, etc Singapore ;
-- Hoboken, NJ :
Name of publisher, distributor, etc Wiley,
Date of publication, distribution, etc c2010.
300 ## - PHYSICAL DESCRIPTION
Extent xvii, 230 p. :
Other physical details ill. ;
Dimensions 24 cm.
490 1# - Series Statement
Series statement [Wiley finance]
-- 28656
500 ## - GENERAL NOTE
General note Series statement from jacket.
504 ## - BIBLIOGRAPHY, ETC. NOTE
Bibliography, etc Includes bibliographical references and index.
650 #0 - SUBJECT ADDED ENTRY--TOPICAL TERM
Topical term or geographic name as entry element Finance
Geographic subdivision Arab countries.
9 (RLIN) 28657
650 #0 - SUBJECT ADDED ENTRY--TOPICAL TERM
Topical term or geographic name as entry element Finance
General subdivision Religious aspects
-- Islam.
9 (RLIN) 28658
650 #0 - SUBJECT ADDED ENTRY--TOPICAL TERM
Topical term or geographic name as entry element Economic stabilization.
9 (RLIN) 28659
650 #0 - SUBJECT ADDED ENTRY--TOPICAL TERM
Topical term or geographic name as entry element Financial crises
General subdivision History.
9 (RLIN) 28660
653 ## - INDEX TERM--UNCONTROLLED
Resource For college
Arrived date list February2012
700 1# - ADDED ENTRY--PERSONAL NAME
Personal name Askari, Hossein.
9 (RLIN) 28661
830 #0 - SERIES ADDED ENTRY--UNIFORM TITLE
Uniform title Wiley finance series.
9 (RLIN) 28662
942 ## - ADDED ENTRY ELEMENTS (KOHA)
Source of classification or shelving scheme Dewey Decimal Classification
Item type Book - Borrowing
Holdings
Withdrawn status Item status Source of classification or shelving scheme Damaged status Not for loan Vendor Home library Current library Shelving location Date acquired Source of acquisition Cost, normal purchase price Serial Enumeration / chronology Total Checkouts Total Renewals Full call number Barcode Checked out Date last seen Date last borrowed Koha item type
    Dewey Decimal Classification     Academic Bookshop Central Library Central Library First floor 06/02/2012   280.00 2000051 3 9 332.091767 STA 000026003 18/09/2017 16/09/2015 16/09/2015 Book - Borrowing